| 000 | 005160000a22001930004500 | ||
|---|---|---|---|
| 003 | LK-CoMWRAF | ||
| 008 | 230817t ||||| |||| 00| 0 eng d | ||
| 020 | _a9291410217 | ||
| 040 |
_aLK-CoMWRAF _dLK-CoMWRAF _eLK-CoMWRAF |
||
| 041 | _aeng | ||
| 082 |
_a310 _bGLO |
||
| 100 | _aReardon, Geraldine | ||
| 245 |
_aGlobalisation, technological change and women workers in Asia _b |
||
| 260 |
_aThe Netherlands _bUNU _c1998 |
||
| 300 | _ap.27 | ||
| 650 | _awomen & development | ||
| 650 | _awomen workers | ||
| 942 | _cBK | ||
| 999 |
_c2848 _d2848 |
||